| 000 | 01235cam a22003617a 4500 | ||
|---|---|---|---|
| 003 | CHAP | ||
| 005 | 20220817043837.0 | ||
| 008 | 020617d2002 mx b r 00110 spa d | ||
| 010 | _a85878 | ||
| 011 | _a86850 | ||
| 035 | _a97390 | ||
| 040 | _cCHAP | ||
| 090 | _aTesis | ||
| 100 | 0 | 0 |
_aCruz Montes, José. _929513 |
| 245 | 1 | 0 |
_aEstudio de las sequias en la región huasteca de Veracruz _c/por José Cruz Montes |
| 260 |
_aChapingo, Méx. : _bEl autor, _c2002. |
||
| 300 |
_a93 h. ; _bgráfs. ; mapas, : cuadros |
||
| 502 | _aTesis (Ing. Agr. Esp. en Irrigación) -- UACH. Departamento de Irrigación | ||
| 590 |
_aALEPH _b10 _c20130110 _lUCH01 _h1447 |
||
| 590 |
_aBATCH-UPD _b10 _c20130110 _lUCH01 _h1511 |
||
| 590 |
_aBATCH-UPD _b10 _c20130410 _lUCH01 _h0928 |
||
| 590 |
_aBATCH-UPD _b10 _c20130914 _lUCH01 _h1626 |
||
| 590 |
_aCONVERSION _b10 _c20130109 _lUCH01 _h1348 |
||
| 650 | 1 | 4 | _aHumedad. |
| 650 | 1 | 4 |
_aPrecipitación (meteorología) _zMéxico (D F). |
| 650 | 1 | 4 |
_aSequías. _9104511 |
| 650 | 1 | 4 |
_aSuelos _xHumedad. _9110391 |
| 901 | _aBK | ||
| 905 | _aMayto Villalobos S. | ||
| 942 | _cFOLL | ||
| 949 |
_aTesis _bBC _cTES _d33724000850392 _eTS2 _fc.2 _h39262 _i97390 _sb |
||
| 949 |
_aTesis _bBC _cTES _d973911 _eTS1 _h39261 _i97390 _sb |
||
| 999 |
_c85878 _d85878 |
||